Computers and information systems in business: an introduction (Record no. 79694)

MARC details
000 -LEADER
fixed length control field 00906nam a2200205 a 4500
008 - FIXED-LENGTH DATA ELEMENTS--GENERAL INFORMATION
fixed length control field 120416s1988 ||||||||||||||||| || u
020 ## - INTERNATIONAL STANDARD BOOK NUMBER
International Standard Book Number 0070510075
050 ## - LIBRARY OF CONGRESS CALL NUMBER
Classification number HF 5548.2 Gre
100 ## - MAIN ENTRY--PERSONAL NAME
Personal name Gremillion, Lee Louis
245 10 - TITLE STATEMENT
Title Computers and information systems in business: an introduction
260 ## - PUBLICATION, DISTRIBUTION, ETC.
Place of publication, distribution, etc. New York:
Name of publisher, distributor, etc. McGraw-Hill
Date of publication, distribution, etc. 1988
300 ## - PHYSICAL DESCRIPTION
Extent xxi, 359p.: ill
350 ## -
-- 0.00
500 ## - GENERAL NOTE
General note Includes bibliographies and index.
650 ## - SUBJECT ADDED ENTRY--TOPICAL TERM
Topical term or geographic name entry element INFORMATION STORAGE AND RETRIEVAL SYSTEMS-- BUSINESS
650 ## - SUBJECT ADDED ENTRY--TOPICAL TERM
Topical term or geographic name entry element BUSINESS--DATA PROCESSING
700 ## - ADDED ENTRY--PERSONAL NAME
Personal name Pyburn, Phillip J
995 ## -
-- MAIN LIBRARY OPEN ACCESS
-- 0.00
-- 005225
-- CBU-MAIN LIBRARY (Kitwe)
-- 2
-- 26.95
-- HF 5548.2 Gre
-- 1
-- AVAILABLE
-- 005225
-- Main Library Open Access Collection
995 ## -
-- MAIN LIBRARY OPEN ACCESS
-- 0.00
-- 722130
-- CBU-MAIN LIBRARY (Kitwe)
-- 1
-- 26.95
-- HF 5548.2 Gre
-- 2
-- AVAILABLE
-- 018205
-- Main Library Open Access Collection
999 ## -
-- 79694
-- 79694
Holdings
Withdrawn status Lost status Source of classification or shelving scheme Damaged status Not for loan Permanent Location Current Location Shelving location Date acquired Total Checkouts Full call number Barcode Date last seen Copy number Price effective from Koha item type
          CBU-MAIN LIBRARY, KITWE. CBU-MAIN LIBRARY, KITWE.   06/29/2023   HF 5548.2 Gre 005225 06/29/2023 1 06/29/2023 MONOGRAPH
          CBU-MAIN LIBRARY, KITWE. CBU-MAIN LIBRARY, KITWE.   06/29/2023   HF 5548.2 Gre 018205 06/29/2023 2 06/29/2023 MONOGRAPH